| 000 | 00581nam a2200181Ia 4500 | ||
|---|---|---|---|
| 003 | GCL | ||
| 008 | 140319s9999 xx 000 0 ara d | ||
| 040 |
_aGCL / _cGCL |
||
| 082 | 0 | 4 |
_a415.1 _bص ن |
| 100 | 1 | _aصبحى عبدالحميد محمد عبدالكريم | |
| 245 | 1 | 0 |
_aالنون واحوالها فى لغة العرب / _cصبحى عبدالحميد محمد عبدالكريم |
| 260 |
_a[S.N] : _bمطبعة الامانة ، _c1986 |
||
| 490 | _a | ||
| 650 | 0 | 4 | _aالنحو |
| 650 | 0 | 4 | _aاللغة العربية |
| 650 | 0 | 4 | _aالحروف |
| 942 |
_2ddc _cBK |
||
| 999 |
_c29122 _d29122 |
||